| 000 | 00976nam a22003017a 4500 | ||
|---|---|---|---|
| 003 | CHAP | ||
| 005 | 20220329133637.0 | ||
| 008 | 971013s1983 r 00010 d | ||
| 010 | _a8952 | ||
| 011 | _a9924 | ||
| 035 | _a9160 | ||
| 040 | _cCHAP | ||
| 082 |
_a512 _bK68Y |
||
| 100 | 0 | 0 |
_aKostrikin, A. I. _963780 |
| 245 | _aIntroducción al álgebra | ||
| 260 |
_aMéxico, D. F. : _bMir, _c1983 |
||
| 300 | _a439 p. | ||
| 590 |
_aBATCH-UPD _b10 _c20130110 _lUCH01 _h1551 |
||
| 590 |
_aBATCH-UPD _b10 _c20130410 _lUCH01 _h0949 |
||
| 590 |
_aBATCH-UPD _b10 _c20130914 _lUCH01 _h1845 |
||
| 590 |
_aCONVERSION _b10 _c20130109 _lUCH01 _h1306 |
||
| 650 | 1 | 4 |
_aÁlgebra. _982391 |
| 901 | _aBK | ||
| 942 | _cLIBRO | ||
| 949 |
_a512 K68Y _bBC _cLIBRO _d33724000408431 _eLIBRO _gI.c/e _h77157 _i9160 _si _t14.00 |
||
| 949 |
_a512 K68Y _bBC _cLIBRO _d33724000408449 _eLIBRO _fc.3 _gI.c/e _h77159 _i9160 _si _t14.00 |
||
| 949 |
_a512 K68Y _bBC _cLIBRO _d33724000408456 _eLIBRO _fc.2 _gI.c/e _h77158 _i9160 _si _t14.00 |
||
| 999 |
_c8952 _d8952 |
||